Libertador = The Liberator /
I tiakina i:
| Kaituhi matua: | |
|---|---|
| Ētahi atu kaituhi: | , , , , , , , , |
| Hōputu: | |
| Reo: | Pāniora |
| I whakaputaina: |
Venezuela :
Centro Nacional Autónomo de Cinematografía,
2013, c2013
|
| Ngā marau: | |
| Ngā Tūtohu: |
Kāore He Tūtohu, Me noho koe te mea tuatahi ki te tūtohu i tēnei pūkete!
|
MARC
| LEADER | 00000ngm^a2200000^a^4500 | ||
|---|---|---|---|
| 001 | 000569761 | ||
| 005 | 20250521000000.0 | ||
| 009 | 20260310132215.26 | ||
| 020 | |a 1-4172-4387-2 | ||
| 037 | |a Acervo ITESO - Biblioteca | ||
| 041 | |a ESP | ||
| 082 | |a Ve 860. |b ARV | ||
| 100 | |a Arvelo, Alberto |e (realización) | ||
| 240 | 1 | 1 | |a [Libertador, de Alberto Arvelo] |
| 245 | 1 | 0 | |a Libertador = |b The Liberator / |c Realización de A. Arvelo. |
| 246 | 2 | |a Título en la cubierta: The Liberator | |
| 264 | 4 | |a Venezuela : |b Centro Nacional Autónomo de Cinematografía, |c 2013, c2013 | |
| 264 | 2 | |a Nueva York, EUA : |b Entertainment One [distribución] |c 2015, c2015 | |
| 300 | |a 1 blu-ray sin dato de región (119, 42 min.) : |b color | ||
| 336 | |a imagen móvil bidimensional |b tdi |2 rdacontenido | ||
| 337 | |a video |b v |2 rdamedio | ||
| 338 | |a videodisco |b vd |2 rdasoporte | ||
| 546 | |a En español e inglés, con subtítulos opcionales: inglés | ||
| 649 | |a XX | ||
| 650 | |a Independentistas Venezolanos - |x Biografías | ||
| 650 | |a Revolucionarios Latinoamericanos - |x Biografías | ||
| 650 | |a Políticos Latinoamericanos - |x Biografías | ||
| 650 | |a Militares Latinoamericanos - |x Biografías | ||
| 650 | |a Producción Cinematográfica - |z Venezuela | ||
| 650 | |a Making Of (Documentales detrás de Cámaras) | ||
| 650 | |a Películas Históricas | ||
| 650 | |a Dramas Cinematográficos | ||
| 650 | |a Cine Social y Político | ||
| 650 | |a Cine en Inglés - |z Venezuela | ||
| 650 | |a Cine Venezolano - |y 2010-2019 | ||
| 650 | |a Cine Venezolano - |y Siglo XXI | ||
| 650 | |a Independencia Política - |z América del Sur - |x Historia | ||
| 650 | |a Política - |z América del Sur - |x Historia - |y Guerras de Independencia | ||
| 650 | |a América del Sur - |x Historia - |y Guerras de Independencia | ||
| 650 | |a América del Sur - |x Historia - |y Siglo XIX | ||
| 650 | |a América del Sur - |x Historia - |y Epoca Colonial | ||
| 650 | |a Bolívar, Simón - |x Tema Principal | ||
| 700 | |a Sexton, Timothy J. |e (guión) | ||
| 700 | |a Giménez, Xavi |e (fotógrafo) | ||
| 700 | |a Grande, Sonia |e (vestuario) | ||
| 700 | |a Anwar, Tariq |e (montaje) | ||
| 700 | |a Dudamel, Gustavo |e (música) | ||
| 700 | |a Ramírez, Edgar |e (actuación) | ||
| 700 | |a Wildpret, Erich |e (actuación) | ||
| 700 | |a Valverde, María |e (actuación) | ||
| 700 | |a Dudamel, Gustavo |e (introducción) | ||
| 910 | |a Fondo General | ||
| 920 | |a Audiovisuales - Blu-rays | ||
| 940 | |a Películas | ||
| 905 | |a 309 | ||
| 901 | |a 0500401468 |b IT2 |c BRR |i C182552 |u 20250521 | ||
| 902 | |a https://opac.biblio.iteso.mx/vufind/Record/000569761 | ||